000
00398nam a2200121Ia 4500
008
090124s9999 xx 000 0 und d
082
_b
12188
_a
284
245
_a
महाराष्ट्र रुप-दर्शन
250
_a
1
630
_a
महाराष्ट्र रुप-दर्शन
730
_a
महाराष्ट्र रुप-दर्शन
942
_c
BOOK
999
_c
126127
_d
126127